[Event "ITA-ch U20"]
[Site "Tarvisio"]
[Date "2023.07.06"]
[Round "6"]
[White "Briata, Nicolo"]
[Black "Ostoni, Nicolo`"]
[Result "1-0"]
[WhiteElo "2069"]
[BlackElo "1528"]
[PlyCount "49"]
[EventDate "2023.07.02"]
[EventType "swiss"]
[EventRounds "9"]
[EventCountry "ITA"]
[SourceTitle "EXT 2024"]
[Source "ChessBase"]
[SourceDate "2023.10.10"]
[SourceVersion "1"]
[SourceVersionDate "2023.10.10"]
[SourceQuality "1"]

1. e4 e6 2. d4 d5 3. Nd2 c5 4. exd5 Qxd5 5. Ngf3 Nf6 6. Bc4 Qd8 7. 0-0 cxd4 8. Nb3 Qc7 9. Qe2 Be7 10. Nbxd4 a6 11. Re1 Nc6 12. Nxc6 bxc6 13. Bg5 h6 14. Bh4 0-0 15. Rad1 c5 16. Ne5 Qb6 17. b3 a5 18. Ng4 Nxg4 19. Bxe7 Nf6 20. Bxf8 Kxf8 21. Qe5 Ne8 22. a4 Bb7 23. Bb5 Nf6 24. Rd6 Qc7 25. Rxe6 1-0

[Event "ITA-ch U20"]
[Site "Tarvisio"]
[Date "2023.07.06"]
[Round "5"]
[White "Ostoni, Nicolo`"]
[Black "Catalano, Leonardo"]
[Result "1-0"]
[WhiteElo "1528"]
[BlackElo "1774"]
[PlyCount "113"]
[EventDate "2023.07.02"]
[EventType "swiss"]
[EventRounds "9"]
[EventCountry "ITA"]
[SourceTitle "EXT 2024"]
[Source "ChessBase"]
[SourceDate "2023.10.10"]
[SourceVersion "1"]
[SourceVersionDate "2023.10.10"]
[SourceQuality "1"]

1. e4 c5 2. Nf3 Nc6 3. d4 cxd4 4. Nxd4 Nf6 5. Nc3 e5 6. Ndb5 d6 7. Bg5 a6 8. Na3 b5 9. Nd5 Be7 10. Bxf6 Bxf6 11. c3 0-0 12. Nc2 Rb8 13. Be2 Bg5 14. 0-0 Kh8 15. Nce3 Bxe3 16. Nxe3 Ne7 17. a4 f5 18. exf5 Nxf5 19. Nxf5 Bxf5 20. axb5 axb5 21. Bg4 Qb6 22. Bxf5 Rxf5 23. Qd2 Rbf8 24. Rad1 d5 25. Qe3 Qxe3 26. fxe3 Rxf1+ 27. Rxf1 Rxf1+ 28. Kxf1 Kg8 29. e4 dxe4 30. Ke2 Kf7 31. Ke3 Ke6 32. Kxe4 g6 33. b3 Kd6 34. c4 b4 35. g4 g5 36. h3 Ke6 37. Ke3 Kd6 38. Kd3 Ke6 39. Ke4 Kd6 40. Kf5 h6 41. c5+ Kd5 42. c6 Kxc6 43. Kxe5 Kc5 44. Ke4 Kd6 45. Kd4 Ke6 46. Kc4 Ke5 47. Kxb4 Kf4 48. Kc3 Kg3 49. b4 Kxh3 50. b5 Kxg4 51. b6 Kh3 52. Kd3 g4 53. Ke3 g3 54. b7 Kh2 55. b8Q h5 56. Kf3 h4 57. Qb2+ 1-0

[Event "ITA-ch U20"]
[Site "Tarvisio"]
[Date "2023.07.02"]
[Round "1"]
[White "Ostoni, Nicolo`"]
[Black "Rotondaro, Alberto"]
[Result "0-1"]
[WhiteElo "1528"]
[BlackElo "2219"]
[PlyCount "58"]
[EventDate "2023.07.02"]
[EventType "swiss"]
[EventRounds "9"]
[EventCountry "ITA"]
[SourceTitle "EXT 2024"]
[Source "ChessBase"]
[SourceDate "2023.10.10"]
[SourceVersion "1"]
[SourceVersionDate "2023.10.10"]
[SourceQuality "1"]

1. e4 c5 2. Nf3 Nc6 3. d4 cxd4 4. Nxd4 Nf6 5. Nc3 e5 6. Ndb5 d6 7. Bg5 a6 8. Na3 b5 9. Nd5 Be7 10. Bxf6 Bxf6 11. c3 Bg5 12. Be2 0-0 13. Nc2 Ne7 14. Nce3 Kh8 15. 0-0 Nxd5 16. Nxd5 Bb7 17. a4 bxa4 18. Rxa4 a5 19. Qb3 Bc6 20. Bb5 Rb8 21. c4 f5 22. Rfa1 fxe4 23. Rxa5 Bxd5 24. cxd5 Qb6 25. Qg3 Bf4 26. Qg4 Bd2 27. Ra7 Qxf2+ 28. Kh1 Bh6 29. Qd7 e3 0-1